[Event "FB1 2122 SV Hemer 1932 - SK Lehrte"]
[Site "?"]
[Date "2022.05.25"]
[Round "9.4"]
[White "Ionica, Iulia-Ionela"]
[Black "Zschischang, Marine"]
[Result "1/2-1/2"]
[WhiteElo "2186"]
[BlackElo "2076"]
[PlyCount "148"]
[EventDate "2022.??.??"]

1. e4 e6 2. d4 d5 3. Nc3 dxe4 4. Nxe4 Nd7 5. g3 Ngf6 6. Nxf6+ Nxf6 7. Bg2 c5 8.
Nf3 Qb6 9. O-O Bd7 10. a4 a5 11. dxc5 Bxc5 12. Ne5 Rd8 13. Qe2 Bc6 14. Nc4 Qa7
15. Bxc6+ bxc6 16. Bd2 Bb4 17. Be3 Bc5 18. Bd2 Bb4 19. c3 Bc5 20. Bg5 Rd5 21.
Be3 O-O 22. b4 axb4 23. cxb4 Bd4 24. Ra2 Ne4 25. Qc2 Nd6 26. Bxd4 Rxd4 27. Nxd6
Rxd6 28. b5 cxb5 29. axb5 Qb7 30. Rb1 Rb6 31. Qa4 Rb8 32. Rab2 g6 33. h4 h5 34.
Qc4 Qf3 35. Rb3 Qf5 36. Rb4 Kg7 37. Qc3+ Qf6 38. Qd2 Qf5 39. Qc3+ Qf6 40. Qb3
Qe5 41. Qd3 R8b7 42. Re4 Qc5 43. Rc4 Qf5 44. Qxf5 gxf5 45. Rcb4 Rd7 46. Kf1 Rd5
47. Ke2 e5 48. Ke3 Kf6 49. R4b3 Kg6 50. R1b2 Kf6 51. f3 Kg6 52. Rb4 Kf6 53. Rb1
Ke6 54. R1b2 Kf6 55. Kf2 Kg6 56. Kg2 Kh6 57. Kh3 Rc5 58. g4 Kg6 59. gxh5+ Kxh5
60. Rg2 Rcxb5 61. Rg5+ Kh6 62. Rxb5 Rxb5 63. Rxf5 Kg6 64. Rg5+ Kh6 65. Rg1 Rb4
66. Re1 f6 67. Re4 Rb1 68. Kg4 Kg6 69. h5+ Kf7 70. Ra4 Rg1+ 71. Kh4 Rh1+ 72.
Kg4 Rg1+ 73. Kh3 Rh1+ 74. Kg4 Rg1+ 1/2-1/2

[Event "FB1 2122 SV Hemer 1932 - SK Lehrte"]
[Site "?"]
[Date "2022.05.25"]
[Round "9.5"]
[White "Yaghy, Ritta."]
[Black "Frey, Alisa"]
[Result "1/2-1/2"]
[WhiteElo "2010"]
[BlackElo "1998"]
[PlyCount "92"]
[EventDate "2022.??.??"]

1. e4 e5 2. Nf3 Nc6 3. Nc3 Nf6 4. d4 exd4 5. Nxd4 Bb4 6. Nxc6 bxc6 7. Bd3 O-O
8. O-O Re8 9. Qf3 Rb8 10. Be3 Bd6 11. Rab1 Be5 12. Bxa7 Rb7 13. Be3 d5 14. Bg5
Rb4 15. h3 Be6 16. a3 Rd4 17. Rfe1 h6 18. exd5 Bxd5 19. Bxf6 Bxf6 20. Nxd5
Rxe1+ 21. Rxe1 cxd5 22. c3 Ra4 23. Bb5 Re4 24. Rxe4 dxe4 25. Qxe4 Qd1+ 26. Bf1
Qd7 27. Bd3 Bg5 28. a4 g6 29. a5 Be7 30. Qc4 c5 31. a6 Kg7 32. Qb5 Qc7 33. Be4
Bd6 34. Bb7 Qe7 35. Kf1 Bb8 36. Qb6 Qd7 37. Ke2 Qe7+ 38. Kf3 Qf6+ 39. Qxf6+
Kxf6 40. Ke4 Ke6 41. Kd3 Kd6 42. Kc4 Ba7 43. Bd5 f6 44. Be4 g5 45. Bb7 Ke5 46.
Bc8 Kd6 1/2-1/2

[Event "FB1 2122 SV Hemer 1932 - SK Lehrte"]
[Site "?"]
[Date "2022.05.25"]
[Round "9.6"]
[White "Dartmann Aubanell, Catriona"]
[Black "Grabowski, Petra"]
[Result "1-0"]
[WhiteElo "1874"]
[BlackElo "1635"]
[PlyCount "121"]
[EventDate "2022.??.??"]

1. e4 e6 2. d4 d5 3. Bd3 dxe4 4. Bxe4 Nf6 5. Bf3 c5 6. Ne2 Nc6 7. Be3 Qb6 8.
Nbc3 cxd4 9. Nxd4 Nxd4 10. Bxd4 Bc5 11. Bxc5 Qxc5 12. O-O Qb6 13. Na4 Qc7 14.
Qd4 O-O 15. Nc5 Rb8 16. Ne4 Nxe4 17. Bxe4 b6 18. Rfd1 Bb7 19. Bxb7 Rxb7 20. Rd2
f6 21. Rad1 Qf7 22. Qa4 b5 23. Qe4 e5 24. a3 g6 25. Qc6 Qc7 26. Qe6+ Qf7 27.
Qa6 Re8 28. Rd6 Kg7 29. Rxf6 Qc7 30. Rc6 Qf7 31. Qa5 Ree7 32. Rcd6 Qe8 33. Qc3
Rbc7 34. Qd2 Qf7 35. h3 Qf5 36. c3 Rf7 37. Rd5 Rb7 38. Qe2 Kg8 39. Rxe5 Qf6 40.
Re8+ Kg7 41. Qe5 Qxe5 42. Rxe5 Rf6 43. Rdd5 a6 44. f3 Rc7 45. Kf2 Rfc6 46. Ke3
Kf6 47. f4 Kf7 48. g4 Kf6 49. h4 h6 50. h5 gxh5 51. Rxh5 Kg6 52. Rhe5 Rf7 53.
Re8 Rcf6 54. f5+ Kg5 55. Rg8+ Kh4 56. Kf4 Kh3 57. g5 hxg5+ 58. Rxg5 Rh6 59.
Rd3+ Kh2 60. Rd2+ Kh1 61. Kg3 1-0

[Event "FB1 2122 OSG Baden-Baden - Schachfreund"]
[Site "?"]
[Date "2022.05.25"]
[Round "9.1"]
[White "Klek, Hanna Marie"]
[Black "Abdumalik, Zhansaya"]
[Result "1/2-1/2"]
[WhiteElo "2362"]
[BlackElo "2489"]
[PlyCount "93"]
[EventDate "2022.??.??"]

1. e4 c5 2. Nf3 Nc6 3. d4 cxd4 4. Nxd4 Nf6 5. Nc3 e5 6. Ndb5 d6 7. Bg5 a6 8.
Na3 b5 9. Nd5 Be7 10. Bxf6 Bxf6 11. c3 Bg5 12. Nc2 Ne7 13. h4 Bh6 14. a4 bxa4
15. Ncb4 O-O 16. Qxa4 Nxd5 17. Nxd5 a5 18. Bb5 Be6 19. Bc6 Rb8 20. b3 Kh8 21.
Qc4 f5 22. exf5 Rxf5 23. g3 Rc8 24. Qa6 e4 25. c4 Rf3 26. O-O Bh3 27. Rfe1 Rxf2
28. Rxe4 Rf8 29. Re7 Rb8 30. Bb5 Ra8 31. Qb7 Rb8 32. Qa7 Qc8 33. Qd4 Qg4 34.
Qxg4 Bxg4 35. Rxa5 Bf3 36. Ba4 Bd2 37. Ra6 Bxd5 38. cxd5 h5 39. Kg2 Rf5 40.
Re8+ Rxe8 41. Bxe8 g5 42. Rxd6 gxh4 43. gxh4 Be1 44. Rd8 Bxh4 45. Rb8 Rxd5 46.
Bf7+ Rd8 47. Rxd8+ 1/2-1/2

[Event "FB1 2122 OSG Baden-Baden - Schachfreund"]
[Site "?"]
[Date "2022.05.25"]
[Round "9.2"]
[White "Paehtz, Elisabeth"]
[Black "Schleining, Zoya"]
[Result "1/2-1/2"]
[WhiteElo "2497"]
[BlackElo "2329"]
[PlyCount "51"]
[EventDate "2022.??.??"]

1. e4 c6 2. Nf3 d5 3. Nc3 dxe4 4. Nxe4 Nf6 5. Qe2 Bf5 6. Nxf6+ gxf6 7. d3 Nd7
8. g3 Ne5 9. Nh4 Bg4 10. f3 Be6 11. Bd2 Qb6 12. Bc3 O-O-O 13. f4 Bd5 14. Bg2
Nd7 15. a4 e6 16. a5 Qb5 17. O-O Bxg2 18. Kxg2 a6 19. Nf3 h5 20. Qe4 Be7 21.
Qc4 Qxc4 22. dxc4 Rhg8 23. f5 Rg4 24. b3 Rdg8 25. Rfe1 e5 26. Kh3 1/2-1/2

[Event "FB1 2122 OSG Baden-Baden - Schachfreund"]
[Site "?"]
[Date "2022.05.25"]
[Round "9.3"]
[White "Rapport, Jovana"]
[Black "Stefanova, Antoaneta"]
[Result "1/2-1/2"]
[WhiteElo "2294"]
[BlackElo "2458"]
[PlyCount "85"]
[EventDate "2022.??.??"]

1. e4 e5 2. Nf3 Nc6 3. Nc3 Nf6 4. d4 exd4 5. Nxd4 Bb4 6. Nxc6 bxc6 7. Bd3 O-O
8. O-O d5 9. exd5 cxd5 10. Bg5 Be6 11. Qf3 Be7 12. h3 h6 13. Bh4 c5 14. Rad1 d4
15. Bxf6 Bxf6 16. Ne4 Be7 17. Nd2 Rb8 18. b3 Rb6 19. Nc4 Bd5 20. Qg4 Rf6 21.
Rde1 g6 22. Re5 Be6 23. Qe2 Kg7 24. Qd2 Qc7 25. Rfe1 Rd8 26. a4 Rd5 27. Qe2 Bd8
28. Nd2 Qc8 29. Rxd5 Bxd5 30. Bc4 Bxc4 31. Nxc4 Re6 32. Qd1 h5 33. Re2 Bc7 34.
Qe1 Rxe2 35. Qxe2 Qd8 36. Qe4 h4 37. Qc6 Qe7 38. Kf1 Bh2 39. Qd5 Bf4 40. Nb2
Bd6 41. Nc4 Bf4 42. Nb2 Bd6 43. Nc4 1/2-1/2

[Event "FB1 2122 OSG Baden-Baden - Schachfreund"]
[Site "?"]
[Date "2022.05.25"]
[Round "9.4"]
[White "Zatonskih, Anna"]
[Black "Koepke, Elena"]
[Result "1-0"]
[WhiteElo "2386"]
[BlackElo "2285"]
[PlyCount "123"]
[EventDate "2022.??.??"]

1. d4 d5 2. c4 dxc4 3. Nf3 Nf6 4. e3 e6 5. Bxc4 c5 6. O-O a6 7. Be2 Nc6 8. dxc5
Bxc5 9. Qxd8+ Kxd8 10. b3 Ke7 11. Bb2 Bd7 12. Rc1 b6 13. Nbd2 Rhd8 14. Nc4 Be8
15. Ne1 Nd5 16. Nd3 f6 17. Nxc5 bxc5 18. Ba3 Ndb4 19. Kf1 Kf7 20. Ke1 Rab8 21.
Nb2 Rd5 22. Na4 Ne5 23. Nxc5 Rxc5 24. Rxc5 Ned3+ 25. Bxd3 Nxd3+ 26. Kd2 Nxc5
27. Bxc5 Rc8 28. Rc1 e5 29. a4 Ke6 30. e4 g6 31. Kd3 f5 32. Kc4 fxe4 33. Kb4
Rb8+ 34. Ka3 Bc6 35. Ba7 Rc8 36. Kb4 e3 37. fxe3 Kd7 38. Rd1+ Kc7 39. g3 Kb7
40. Bc5 Re8 41. Rd6 e4 42. Rf6 Rd8 43. Bd6 Bd5 44. Bc5 Bc6 45. Kc4 Bd5+ 46. Kc3
Bg8 47. b4 Rd3+ 48. Kb2 Bc4 49. h4 Rb3+ 50. Kc2 Rd3 51. b5 axb5 52. a5 b4 53.
Rb6+ Kc7 54. Rxb4 Bd5 55. a6 Ra3 56. a7 Ra6 57. Rb8 Bb7 58. Kc3 Kc6 59. Bd4 h5
60. Kb4 Kc7 61. Kb5 Rc6 62. Be5+ 1-0

[Event "FB1 2122 OSG Baden-Baden - Schachfreund"]
[Site "?"]
[Date "2022.05.25"]
[Round "9.5"]
[White "Jelica, Mara"]
[Black "Salimova, Nurgyul"]
[Result "1/2-1/2"]
[WhiteElo "2121"]
[BlackElo "2418"]
[PlyCount "93"]
[EventDate "2022.??.??"]

1. e4 c6 2. d4 d5 3. Nc3 dxe4 4. Nxe4 Nf6 5. Nxf6+ exf6 6. c3 Bd6 7. Bd3 O-O 8.
Qc2 Re8+ 9. Ne2 h5 10. O-O h4 11. h3 Nd7 12. Bd2 Nf8 13. Rae1 Bc7 14. Qc1 Be6
15. b3 a5 16. Bf4 a4 17. Bxc7 Qxc7 18. c4 axb3 19. axb3 Red8 20. Qe3 Ra5 21.
Ra1 Rda8 22. Rxa5 Rxa5 23. Rd1 Rg5 24. f4 Ra5 25. b4 Rh5 26. Ra1 g6 27. Ra8 Kg7
28. Nc3 b5 29. d5 cxd5 30. Nxb5 Qc6 31. Ra5 dxc4 32. Nd4 Qd6 33. Rxh5 gxh5 34.
Bxc4 Qxb4 35. Bxe6 Nxe6 36. Nxe6+ fxe6 37. Qxe6 Qxf4 38. Qe7+ Kg6 39. Qe8+ Kg5
40. Qg8+ Kh6 41. Qf8+ Kg6 42. Qg8+ Kf5 43. Qh7+ Kg5 44. Qg7+ Kf5 45. Qh7+ Kg5
46. Qg7+ Kf5 47. Qh7+ 1/2-1/2

[Event "FB1 2122 OSG Baden-Baden - Schachfreund"]
[Site "?"]
[Date "2022.05.25"]
[Round "9.6"]
[White "Heinemann, Josefine"]
[Black "Valkova, Angelika"]
[Result "1-0"]
[WhiteElo "2300"]
[BlackElo "2066"]
[PlyCount "67"]
[EventDate "2022.??.??"]

1. e4 c6 2. d4 d5 3. e5 Bf5 4. Nf3 e6 5. Be2 Nd7 6. c3 Bg6 7. Nbd2 Nh6 8. O-O
Nf5 9. a4 Be7 10. g4 Nh6 11. h3 O-O 12. Nb3 f6 13. exf6 Rxf6 14. Ne5 Nxe5 15.
dxe5 Rf8 16. Nd4 Bc5 17. Nxe6 Qh4 18. Nxc5 b6 19. Ne6 Qxh3 20. Ng5 Qh4 21. Kg2
Be4+ 22. Nxe4 dxe4 23. Bxh6 gxh6 24. Qd2 Rad8 25. Qe3 Rd3 26. Bxd3 Rf3 27. Bc4+
Kf8 28. Qxe4 Qh3+ 29. Kg1 h5 30. e6 Ke7 31. Qxh7+ Kf6 32. Qh6+ Ke7 33. Qg7+ Kd6
34. Rad1+ 1-0

[Event "FB1 2122 Hamburger SK - TuRa Harksheide"]
[Site "?"]
[Date "2022.05.25"]
[Round "9.1"]
[White "Unuk, Laura"]
[Black "Socko, Monika"]
[Result "0-1"]
[WhiteElo "2338"]
[BlackElo "2384"]
[PlyCount "104"]
[EventDate "2022.??.??"]

1. c4 e6 2. Nc3 b6 3. e4 Bb7 4. a3 c5 5. g3 Nc6 6. Bg2 g6 7. d3 Bg7 8. Nf3 Nge7
9. Bg5 h6 10. Bf4 e5 11. Be3 Nd4 12. h4 O-O 13. h5 g5 14. Nd5 f5 15. Bxd4 exd4
16. Nd2 Nxd5 17. exd5 Re8+ 18. Kf1 g4 19. b4 d6 20. Nb3 cxb4 21. axb4 a5 22. b5
Qg5 23. Qd2 a4 24. Qxg5 hxg5 25. Nc1 a3 26. Ra2 Ra4 27. Ne2 Rb4 28. Ke1 f4 29.
Be4 Rxe4 30. dxe4 d3 31. Nc1 Bc3+ 32. Kd1 Rb2 33. Rxa3 Rd2+ 34. Ke1 Bb4 35. Ra4
Rb2+ 36. Kd1 d2 37. h6 Ba5 38. h7+ Kh8 39. Rxa5 bxa5 40. gxf4 gxf4 41. c5 dxc5
42. d6 Bc8 43. e5 g3 44. fxg3 Bg4+ 45. Ne2 f3 46. Rh2 fxe2+ 47. Rxe2 Rb1+ 48.
Kxd2 Rb2+ 49. Kd3 Bxe2+ 50. Kc3 Rxb5 51. e6 Bg4 52. d7 Rb8 0-1

[Event "FB1 2122 Hamburger SK - TuRa Harksheide"]
[Site "?"]
[Date "2022.05.25"]
[Round "9.2"]
[White "Padmini, Rout"]
[Black "Antolak, Julia"]
[Result "1/2-1/2"]
[WhiteElo "2348"]
[BlackElo "2371"]
[PlyCount "62"]
[EventDate "2022.??.??"]

1. e4 e5 2. Nf3 Nc6 3. Bc4 Bc5 4. c3 Nf6 5. d4 exd4 6. e5 d5 7. Bb5 Ne4 8. cxd4
Bb6 9. Nc3 O-O 10. Be3 Bg4 11. h3 Bh5 12. Qc2 Bg6 13. Qb3 Ne7 14. Rd1 c6 15.
Bd3 Nf5 16. O-O Nxe3 17. fxe3 Nxc3 18. bxc3 Bxd3 19. Rxd3 Kh8 20. Rd2 f6 21.
Rdf2 Qe7 22. c4 dxc4 23. Qxc4 Bc7 24. Qb3 Rab8 25. e4 fxe5 26. Nxe5 Rxf2 27.
Rxf2 Bxe5 28. dxe5 Qxe5 29. Qxb7 h6 30. Qxa7 Rb1+ 31. Rf1 Qxe4 1/2-1/2

[Event "FB1 2122 Hamburger SK - TuRa Harksheide"]
[Site "?"]
[Date "2022.05.25"]
[Round "9.3"]
[White "Radikovic, Anamarija"]
[Black "Gaal, Zsoka"]
[Result "1/2-1/2"]
[WhiteElo "2133"]
[BlackElo "2323"]
[PlyCount "68"]
[EventDate "2022.??.??"]

1. e4 c6 2. d4 d5 3. e5 Bf5 4. h4 h5 5. c4 e6 6. Nc3 dxc4 7. Bxc4 Nd7 8. Bg5
Be7 9. Nf3 Bxg5 10. Nxg5 Nb6 11. Be2 Bg6 12. Nce4 Nc8 13. Ng3 Nce7 14. Bxh5
Qa5+ 15. Kf1 Qb5+ 16. Be2 Qxb2 17. N5e4 Bxe4 18. Nxe4 Nf5 19. Rb1 Qxd4 20. Qxd4
Nxd4 21. Nd6+ Kf8 22. Rxb7 Ne7 23. Rh3 g6 24. Bd1 Rd8 25. h5 Nb5 26. Rd3 gxh5
27. a4 Nxd6 28. Rxd6 Re8 29. Rdd7 a6 30. Bf3 Rh7 31. Rdc7 Ng6 32. Be4 Rg7 33.
Bxg6 Rxg6 34. Rxf7+ Kg8 1/2-1/2

[Event "FB1 2122 Hamburger SK - TuRa Harksheide"]
[Site "?"]
[Date "2022.05.25"]
[Round "9.4"]
[White "Roebers, Eline"]
[Black "Adamowicz, Katarzyna"]
[Result "1-0"]
[WhiteElo "2369"]
[BlackElo "2108"]
[PlyCount "67"]
[EventDate "2022.??.??"]

1. e4 e5 2. Bc4 Nf6 3. d3 Nc6 4. Nc3 Bc5 5. f4 d6 6. Nf3 a6 7. a3 O-O 8. f5 Nd4
9. Bg5 c6 10. Ba2 Qe7 11. Qd2 b5 12. Ne2 Nxe2 13. Qxe2 a5 14. g4 a4 15. Bh4 d5
16. exd5 Qd6 17. Bxf6 Qxf6 18. O-O-O b4 19. axb4 a3 20. c3 axb2+ 21. Qxb2 Be3+
22. Kb1 Bb7 23. Rhe1 Bf4 24. d4 exd4 25. Rxd4 Bc7 26. d6 Bxd6 27. Qd2 Bc7 28.
Rd7 c5 29. Ng5 Rxa2 30. Kxa2 Ra8+ 31. Kb1 Bf4 32. Qa2 Be5 33. Rxe5 Qxe5 34.
Qxa8+ 1-0

[Event "FB1 2122 Hamburger SK - TuRa Harksheide"]
[Site "?"]
[Date "2022.05.25"]
[Round "9.5"]
[White "Brandt, Carina"]
[Black "Papp, Sarah"]
[Result "0-1"]
[WhiteElo "2061"]
[BlackElo "2305"]
[PlyCount "94"]
[EventDate "2022.??.??"]

1. e4 e6 2. d4 d5 3. Nc3 Nf6 4. e5 Nfd7 5. f4 c5 6. Nf3 Nc6 7. Be3 Be7 8. Qd2
a6 9. Qf2 c4 10. Be2 b5 11. Bd1 b4 12. Ne2 f5 13. exf6 Nxf6 14. Ne5 Nxe5 15.
dxe5 Ng4 16. Qf3 Nxe3 17. Qxe3 O-O 18. c3 Rb8 19. Bc2 bxc3 20. bxc3 Rb2 21. Kd2
Qa5 22. Rhb1 Rxb1 23. Rxb1 Bc5 24. Qh3 g6 25. Kd1 Kg7 26. g4 Qc7 27. Qg3 Qa7
28. f5 exf5 29. e6 f4 30. Nxf4 Bd6 31. e7 Qxe7 32. Nxd5 Bxg3 33. Nxe7 Bxg4+ 34.
Kc1 Bf4+ 35. Kb2 Rb8+ 36. Ka1 Rxb1+ 37. Kxb1 Bxh2 38. Be4 Kf6 39. Nd5+ Ke5 40.
Bg2 h5 41. Nb4 Bf5+ 42. Kb2 h4 43. Nxa6 h3 44. Bf1 Bg1 45. Nb4 h2 46. Nc6+ Kf4
47. Bg2 Be4 0-1

[Event "FB1 2122 Hamburger SK - TuRa Harksheide"]
[Site "?"]
[Date "2022.05.25"]
[Round "9.6"]
[White "Genova, Lyubka"]
[Black "Rosmait, Emily"]
[Result "1-0"]
[WhiteElo "2225"]
[BlackElo "1896"]
[PlyCount "57"]
[EventDate "2022.??.??"]

1. e4 e5 2. Nf3 Nc6 3. Nc3 Bc5 4. Nxe5 Nxe5 5. d4 Bd6 6. dxe5 Bxe5 7. Qd3 d6 8.
g3 Nf6 9. Bg2 O-O 10. O-O Nd7 11. Be3 Nb6 12. f4 Bf6 13. Rad1 Be6 14. b3 Qe7
15. Nb5 Rfd8 16. c4 a6 17. Nc3 Bxc3 18. Qxc3 c5 19. f5 Bd7 20. f6 Qe6 21. fxg7
Bc6 22. Rf6 Qe7 23. Bf4 Nc8 24. Bg5 Qe8 25. Rdf1 Rd7 26. Qf3 b5 27. Rh6 Qe5 28.
Bf6 Qe8 29. Rxh7 1-0

[Event "FB1 2122 SG 1871 Löberitz - TuRa Harks"]
[Site "?"]
[Date "2022.05.28"]
[Round "10.1"]
[White "Unuk, Laura"]
[Black "Rogule, Laura"]
[Result "0-1"]
[WhiteElo "2338"]
[BlackElo "2297"]
[PlyCount "106"]
[EventDate "2022.??.??"]

1. d4 Nf6 2. c4 e6 3. Nc3 Bb4 4. e3 c5 5. Bd3 Nc6 6. Nge2 b6 7. Bd2 O-O 8. O-O
Bb7 9. Rc1 cxd4 10. exd4 d5 11. cxd5 Nxd5 12. Qc2 Nf6 13. Bg5 h6 14. Bxf6 Qxf6
15. d5 exd5 16. Nxd5 Qg5 17. Be4 Rae8 18. f4 Qd8 19. Kh1 Bc5 20. Rcd1 Qb8 21.
a3 a5 22. Ng3 Nd4 23. Qc4 Rxe4 24. Nxe4 Rd8 25. Ndc3 Qa8 26. Rfe1 Ba6 27. Qa2
Bb7 28. Rd2 Bf8 29. Qc4 b5 30. Qd3 b4 31. axb4 axb4 32. Nb1 Ne6 33. Qe3 Re8 34.
Rde2 Kh8 35. Qf2 Rd8 36. f5 Nd4 37. Re3 Rc8 38. f6 Nc2 39. fxg7+ Bxg7 40. Nd6
Nxe1 41. Nxc8 Bxg2+ 42. Kg1 Qxc8 43. Rxe1 Bb7 44. Qf4 Qc5+ 45. Kf1 Qc6 46. Re3
Ba6+ 47. Kf2 Qc2+ 48. Kg3 Qxb1 49. Qxb4 Qg1+ 50. Kf3 Bb7+ 51. Ke2 Qxh2+ 52. Kd3
Ba6+ 53. Ke4 Qh4+ 0-1

[Event "FB1 2122 SG 1871 Löberitz - TuRa Harks"]
[Site "?"]
[Date "2022.05.28"]
[Round "10.2"]
[White "Berzina, Ilze"]
[Black "Antolak, Julia"]
[Result "0-1"]
[WhiteElo "2180"]
[BlackElo "2371"]
[PlyCount "102"]
[EventDate "2022.??.??"]

1. e4 c6 2. Nc3 d5 3. Nf3 Bg4 4. h3 Bxf3 5. Qxf3 e6 6. d4 dxe4 7. Qxe4 Nf6 8.
Qd3 Na6 9. Be2 Nb4 10. Qd1 Qxd4 11. O-O Qxd1 12. Bxd1 Bd6 13. Re1 O-O-O 14. a3
Nbd5 15. Nxd5 exd5 16. Be3 Rhe8 17. Be2 Kc7 18. Rad1 Re6 19. Bd3 Rde8 20. c3 g6
21. Kf1 Nd7 22. c4 Nf6 23. Bg5 Rxe1+ 24. Rxe1 Rxe1+ 25. Kxe1 Nd7 26. cxd5 cxd5
27. h4 Be5 28. Bc1 Nb6 29. h5 Na4 30. hxg6 hxg6 31. b3 Nc5 32. Bc2 Ne6 33. g3
Kd6 34. f4 Bc3+ 35. Kf2 Nc5 36. Kf3 a5 37. Be3 d4 38. Bg1 Kd5 39. Bd1 b5 40. a4
bxa4 41. bxa4 Kc4 42. f5 gxf5 43. Kf4 Kb4 44. Kxf5 Nxa4 45. Bh5 d3 46. Bxf7 d2
47. Bh5 Nb2 48. Ke4 a4 49. Kd5 Kb3 50. Bc5 Bb4 51. Be3 a3 0-1

[Event "FB1 2122 SG 1871 Löberitz - TuRa Harks"]
[Site "?"]
[Date "2022.05.28"]
[Round "10.3"]
[White "Radikovic, Anamarija"]
[Black "Otikova, Elina"]
[Result "1-0"]
[WhiteElo "2133"]
[BlackElo "2090"]
[PlyCount "103"]
[EventDate "2022.??.??"]

1. e4 e5 2. Nc3 Nf6 3. f4 d5 4. fxe5 Nxe4 5. Qf3 Nxc3 6. bxc3 c5 7. Bb5+ Bd7 8.
Rb1 Bxb5 9. Rxb5 b6 10. Ne2 Be7 11. O-O O-O 12. Nf4 Nc6 13. Re1 Bg5 14. d4 Bxf4
15. Qxf4 a6 16. Rb1 cxd4 17. cxd4 Rc8 18. Rf1 Ne7 19. Rf2 Rc6 20. Ba3 f6 21.
Rbf1 Ng6 22. Qg4 Re8 23. h4 Qc8 24. Qf3 Nxh4 25. Qxd5+ Kh8 26. exf6 Rxf6 27.
Rxf6 gxf6 28. Qf7 Qe6 29. Qxf6+ Qxf6 30. Rxf6 Re2 31. Rf2 Rxf2 32. Kxf2 Kg8 33.
c4 Kf7 34. g4 Ke6 35. Ke3 b5 36. cxb5 axb5 37. Ke4 Ng2 38. Bb4 Nh4 39. d5+ Kd7
40. Ke5 Nf3+ 41. Ke4 Nh4 42. Be1 Ng6 43. Bg3 Ne7 44. Kd4 Ng8 45. Be5 Nh6 46. g5
Nf5+ 47. Kc5 Ne7 48. Bf6 Ng8 49. Kxb5 Kd6 50. a4 Kxd5 51. a5 Kd6 52. Kb6 1-0

[Event "FB1 2122 SG 1871 Löberitz - TuRa Harks"]
[Site "?"]
[Date "2022.05.28"]
[Round "10.4"]
[White "Naumann, Nadine"]
[Black "Adamowicz, Katarzyna"]
[Result "1/2-1/2"]
[WhiteElo "1951"]
[BlackElo "2108"]
[PlyCount "104"]
[EventDate "2022.??.??"]

1. e4 c5 2. Nf3 d6 3. d4 cxd4 4. Nxd4 Nf6 5. Nc3 Nc6 6. Be2 e5 7. Nb3 Be7 8.
Be3 Be6 9. O-O O-O 10. f3 a5 11. Nd5 Bxd5 12. exd5 Nb4 13. c4 Nd7 14. a3 Na6
15. Qe1 a4 16. Nd2 Nac5 17. Ne4 Nxe4 18. fxe4 Bg5 19. Bf2 Nc5 20. Bxc5 dxc5 21.
Qg3 Bf4 22. Qd3 Ra6 23. Rf3 Rb6 24. Rb1 Rb3 25. Qc2 Be3+ 26. Kh1 Qh4 27. g3 Qg5
28. Bd1 Rb6 29. Qe2 Bd4 30. Rf5 Qh6 31. Bxa4 g6 32. Rff1 f5 33. b3 fxe4 34.
Rxf8+ Qxf8 35. Rf1 Rf6 36. Rxf6 Qxf6 37. Kg2 Qf5 38. b4 cxb4 39. axb4 e3 40.
Bc2 e4 41. b5 Kg7 42. Qf1 Qe5 43. Bd1 Bb6 44. Be2 h5 45. Qf4 Qb2 46. Kf1 Qc1+
47. Kg2 Qd2 48. Qe5+ Kh7 49. Qe7+ Kh6 50. Qf8+ Kh7 51. Qf7+ Kh6 52. Qf8+ Kh7
1/2-1/2

[Event "FB1 2122 SG 1871 Löberitz - TuRa Harks"]
[Site "?"]
[Date "2022.05.28"]
[Round "10.5"]
[White "Koehler, Inken"]
[Black "Giebel, Christine"]
[Result "1/2-1/2"]
[WhiteElo "2002"]
[BlackElo "1833"]
[PlyCount "61"]
[EventDate "2022.??.??"]

1. c4 Nf6 2. Nc3 g6 3. g3 Bg7 4. Bg2 d6 5. Nf3 O-O 6. O-O c6 7. d4 Bf5 8. Re1
Ne4 9. Qb3 Qb6 10. Qxb6 axb6 11. Nh4 Nxc3 12. Nxf5 gxf5 13. bxc3 Ra4 14. e4
fxe4 15. Rxe4 e5 16. dxe5 dxe5 17. Bf3 Nd7 18. Bd1 Ra5 19. a4 Nc5 20. Re2 Rd8
21. Be3 Rda8 22. Rb2 Nxa4 23. Bxa4 Rxa4 24. Rxa4 Rxa4 25. Rxb6 f5 26. Rb4 Rxb4
27. cxb4 Bf8 28. Bd2 Bd6 29. Kg2 Kf7 30. Kf3 h5 31. h3 1/2-1/2

[Event "FB1 2122 SV Weißblau Allianz Leipzig -"]
[Site "?"]
[Date "2022.05.28"]
[Round "10.1"]
[White "Socko, Monika"]
[Black "Cyfka, Karina"]
[Result "1/2-1/2"]
[WhiteElo "2384"]
[BlackElo "2404"]
[PlyCount "105"]
[EventDate "2022.??.??"]

1. d4 Nf6 2. c4 e6 3. g3 d5 4. Bg2 dxc4 5. Nf3 Bb4+ 6. Bd2 a5 7. Qc2 b5 8. a4
bxa4 9. Ne5 Bxd2+ 10. Nxd2 Nd5 11. Qxa4+ Bd7 12. Qxc4 c6 13. O-O O-O 14. Nb3
Qb6 15. Nc5 Bc8 16. Rfc1 Ba6 17. Qc2 Ra7 18. Qd2 Bb5 19. Ra3 Rd8 20. g4 Ne7 21.
Rh3 Na6 22. Qg5 Ng6 23. Nxg6 fxg6 24. Qh4 h6 25. g5 h5 26. Qe4 Nxc5 27. dxc5
Qc7 28. Qxg6 Qf7 29. Qe4 Qf5 30. Qxf5 exf5 31. Re3 Kf7 32. g6+ Kf6 33. Bf3 h4
34. Kg2 Rd2 35. b3 a4 36. bxa4 Rxa4 37. Kh3 Raa2 38. Kxh4 Rac2 39. Ra1 Rxc5 40.
Ra7 Rd4+ 41. Kh3 Rd8 42. Ree7 Rg8 43. e4 Bd3 44. Kg3 Bxe4 45. Bxe4 fxe4 46.
Rxe4 Kxg6 47. h4 Rc1 48. Ree7 Kh6 49. Re6+ Kh7 50. Rc7 Rf8 51. Rexc6 Rg1+ 52.
Kh2 Rf1 53. Rc2 1/2-1/2

[Event "FB1 2122 SV Weißblau Allianz Leipzig -"]
[Site "?"]
[Date "2022.05.28"]
[Round "10.2"]
[White "Kulon, Klaudia"]
[Black "Padmini, Rout"]
[Result "1-0"]
[WhiteElo "2305"]
[BlackElo "2348"]
[PlyCount "61"]
[EventDate "2022.??.??"]

1. d4 Nf6 2. Bg5 g6 3. Bxf6 exf6 4. c4 d5 5. cxd5 Qxd5 6. Nc3 Qd8 7. g3 Bd6 8.
Bg2 c6 9. e3 h5 10. h4 Bg4 11. Nge2 Nd7 12. Qb3 Rb8 13. O-O g5 14. hxg5 fxg5
15. e4 h4 16. e5 Be7 17. Rfe1 Be6 18. d5 cxd5 19. Bxd5 Nc5 20. Qb5+ Qd7 21.
Rad1 Qxb5 22. Nxb5 a6 23. Nc7+ Kf8 24. Nd4 hxg3 25. fxg3 Bg4 26. Rf1 Rh7 27.
Rd2 Rc8 28. Rh2 Rxc7 29. Rxh7 Ke8 30. Rfxf7 Rd7 31. Rh8+ 1-0

[Event "FB1 2122 SV Weißblau Allianz Leipzig -"]
[Site "?"]
[Date "2022.05.28"]
[Round "10.3"]
[White "Gaal, Zsoka"]
[Black "Hincu, Olga"]
[Result "1/2-1/2"]
[WhiteElo "2323"]
[BlackElo "2078"]
[PlyCount "137"]
[EventDate "2022.??.??"]

1. d4 Nf6 2. c4 g6 3. Nf3 Bg7 4. g3 O-O 5. Bg2 d6 6. Nc3 Nbd7 7. O-O e5 8. e4
exd4 9. Nxd4 Ne5 10. b3 Bg4 11. f3 Bd7 12. Bb2 Re8 13. Qc2 Qc8 14. Rfe1 h5 15.
h4 c6 16. Rad1 Qc7 17. Qf2 Rad8 18. Nde2 Be6 19. Kh1 a6 20. Nf4 b5 21. Nxe6
Rxe6 22. cxb5 axb5 23. Qc2 Qb6 24. a4 b4 25. Ne2 Ree8 26. Nf4 Bh6 27. Re2 Kh7
28. Red2 c5 29. Ba1 Bg7 30. Nh3 Qc7 31. Nf4 Qe7 32. Nd3 Nfd7 33. Nxe5 Nxe5 34.
Rd5 Nc6 35. Bxg7 Kxg7 36. Qb2+ Nd4 37. R1xd4 cxd4 38. Qxd4+ Kg8 39. Qxb4 Qc7
40. Bf1 Re5 41. Qc4 Qe7 42. Qd4 Rxd5 43. Qxd5 Qf6 44. Qd1 Qe5 45. Kg2 d5 46.
Bc4 d4 47. Qd3 Qa5 48. Kf2 Qc3 49. Ke2 Qb2+ 50. Kd1 Qa1+ 51. Kd2 Kg7 52. f4 Qg1
53. Kc2 Qf2+ 54. Kb1 Rc8 55. Ka1 Qe3 56. Kb2 Qf2+ 57. Ka3 Rd8 58. Bd5 Qg1 59.
Kb2 Qf2+ 60. Ka3 Qg1 61. Qc4 Qa1+ 62. Kb4 Rb8+ 63. Ka5 Qc3+ 64. b4 Ra8+ 65. Kb5
Rb8+ 66. Ka5 Ra8+ 67. Kb5 Rb8+ 68. Ka5 Ra8+ 69. Kb5 1/2-1/2

[Event "FB1 2122 SV Weißblau Allianz Leipzig -"]
[Site "?"]
[Date "2022.05.28"]
[Round "10.4"]
[White "Schulz, Petra"]
[Black "Roebers, Eline"]
[Result "0-1"]
[WhiteElo "1996"]
[BlackElo "2369"]
[PlyCount "76"]
[EventDate "2022.??.??"]

1. e4 c5 2. Nf3 d6 3. Bb5+ Nd7 4. O-O Ngf6 5. Re1 g6 6. c3 Bg7 7. d4 cxd4 8.
cxd4 O-O 9. Nc3 a6 10. Bd3 b5 11. a3 Bb7 12. h3 Rc8 13. Be3 Nb6 14. Qd2 Nc4 15.
Bxc4 Rxc4 16. Bh6 Qb6 17. Bxg7 Kxg7 18. b3 Rc7 19. e5 Nd5 20. Ne4 b4 21. exd6
exd6 22. a4 Nc3 23. a5 Qc6 24. Ng3 Qd5 25. Qf4 f5 26. Nf1 Ne4 27. Reb1 h6 28.
Ne3 Qe6 29. h4 Qf6 30. Nc4 g5 31. hxg5 hxg5 32. Qe3 f4 33. Qd3 Rh8 34. Ne1 Rh1+
35. Kxh1 Nxf2+ 36. Kg1 Nxd3 37. Nxd3 Qxd4+ 38. Nf2 Qd5 0-1